História a perspektívy rozvoja malých podnikov na Slovensku

Na minha lista:
Detalhes bibliográficos
Autor principal: Mihalčová, Bohuslava, 1963-
Outros Autores: Olexová, Cecília, 1976-
Formato: Capítulo de Livro
Idioma:eslovaco
Tags: Adicionar Tag
Sem tags, seja o primeiro a adicionar uma tag!

MARC

LEADER 00000naa$a2200000$$$4500
001 0206061
005 20240502073429.9
041 0 |a slo 
044 |a SK 
245 1 0 |a História a perspektívy rozvoja malých podnikov na Slovensku  |c Bohuslava Mihalčová, Cecília Olexová 
100 1 |a Mihalčová, Bohuslava, 1963- 
700 1 |a Olexová, Cecília, 1976-